000 00502nam a2200157Ia 4500
008 190805s9999||||xx |||||||||||||| ||und||
020 _a9788120721463
_cRs. 250.00
082 0 4 _a333.7
_bK1482
100 1 _aKarpagam, M.
245 1 0 _aEnvironmental Economics: A Textbook /
_cM. Karpagam
260 _aNew Delhi :
_bSterling Publishers Pvt Ltd.,
_c1999, reprinted 2015
300 _axii, 363 p.
_b :
_c; 21.5 cm
650 0 _aEnvironmental economics
_vTextbooks
942 _cBK
999 _c336
_d336